La medicina en el arte / (Record no. 135916)

MARC details
000 -LEADER
campo de control de longitud fija 00590nam a2200181 4500
001 - NÚMERO DE CONTROL
campo de control 135916
003 - IDENTIFICADOR DE NÚMERO DE CONTROL
campo de control ES-MaACL
005 - FECHA Y HORA DE LA ÚLTIMA TRANSACCIÓN
campo de control 20230906195004.0
007 - CAMPO FIJO DE DESCRIPCIÓN FÍSICA--INFORMACIÓN GENERAL
campo de control de longitud fija t|
008 - DATOS DE LONGITUD FIJA--INFORMACIÓN GENERAL
campo de control de longitud fija 070214s1971 sp r ||||1| spa d
100 1# - ENTRADA PRINCIPAL--NOMBRE DE PERSONA
Nombre de persona Rousselot, Jean.
9 (RLIN) 100079
245 13 - MENCIÓN DEL TÍTULO
Título La medicina en el arte /
Mención de responsabilidad, etc. director de la obra Jean Rousselot ; prefacio de Louis Pasteur Vallery-Radot.
260 ## - PUBLICACIÓN, DISTRIBUCIÓN, ETC.
Lugar de publicación, distribución, etc. Barcelona :
Nombre del editor, distribuidor, etc. Argos,
Fecha de publicación, distribución, etc. 1971.
300 ## - DESCRIPCIÓN FÍSICA
Extensión 334 p., 9 lám. :
Otras características físicas il. ;
Dimensiones 32 cm.
700 1# - ENTRADA AGREGADA--NOMBRE PERSONAL
Nombre de persona Rousselot, Jean.
9 (RLIN) 100079
700 1# - ENTRADA AGREGADA--NOMBRE PERSONAL
Nombre de persona Pasteur Vallery-Radot, Louis.
9 (RLIN) 89468
852 ## - LOCALIZACIÓN
Ubicación ES-MaACL
Número de control de estantería C-40913
Sublocalización o colección R.78890
Holdings
Estatus retirado Estado de pérdida Estado de daño No para préstamo Biblioteca de origen Biblioteca actual Ubicación en estantería Fecha de adquisición Fuente de adquisición Total de préstamos Signatura topográfica completa Código de barras Visto por última vez Precio de reemplazo Tipo de ítem Koha
        Biblioteca del Ateneo de Madrid Biblioteca del Ateneo de Madrid Depósito 2 17/01/2008     C-40913 1141458 23/02/2023 23/02/2023 Libro impreso